| 000 | 00511nam a22001697a 4500 | ||
|---|---|---|---|
| 003 | GBCCL | ||
| 005 | 20260128101744.0 | ||
| 008 | 260128b |||||||| |||| 00| 0 eng d | ||
| 040 | _cGBC | ||
| 082 |
_aVER 263.915 _bZOU 1 |
||
| 100 | _aZou, M Kamneithang | ||
| 245 | _aChristmas tangthu ( the history of christmas ) | ||
| 260 |
_aKamdou veng : _bChingngaihvung, _c2025 |
||
| 300 | _a81p. ; | ||
| 650 | _aChristmas | ||
| 942 |
_2ddc _cBK _n0 |
||
| 999 |
_c11139 _d11139 |
||